| 000 | 00738nam a2200253 i 4500 | ||
|---|---|---|---|
| 003 | DO-SdBNP | ||
| 005 | 20230607140005.0 | ||
| 006 | a||||gr|||| 00| 0 | ||
| 007 | ta | ||
| 008 | 230607b |||||||| |||| 00| 0 eng d | ||
| 020 | _a9780557327195 | ||
| 040 |
_aDO-SdBNP _bspa _cBNPHU _erda |
||
| 082 | 4 |
_222 _bC822d |
|
| 245 | 1 | 0 |
_aDos caminos. / _cDinorah Coronado |
| 264 | 1 |
_aMiami, Florida : _bMedia Isla, _c2010 |
|
| 300 |
_a96 páginas : _c22 cm |
||
| 336 |
_2rdaconten _atexto _btxt |
||
| 337 |
_2rdamedia _asinmedición _bn |
||
| 338 |
_2rdacarrier _avolumen _bnc |
||
| 490 |
_aAndar de ciego ; _v3 |
||
| 500 | _aIncluye datos biográficos de la autora en la contraportada. | ||
| 590 | _aInventariado 2023 / MF | ||
| 942 |
_2ddc _cLBS1 |
||
| 999 |
_c53745 _d53745 |
||